জাতীয় পানি সরবরাহ ও স্যানিটেশন ব্যয়-বণ্টন কৌশলপত্র : প্রথম খন্ড, মূল কোশলপত্র /

Bibliographische Detailangaben
Körperschaft: স্থানীয় সরকার বিভাগ গণপ্রজাতন্তী বাংলাদেশ সরকার, স্থানীয় সরকার, পল্লী উন্নয়ন ও সমবায় মন্ত্রণালয়
Format: Buch
Sprache:Bengali
Veröffentlicht: ঢাকা : পলিসি সাপোট্ ইউনিট (পিএসইউ), ২০১২.
Schlagworte:
Classic Catalogue: View this record in Classic Catalogue
LEADER 01640nam a22002417a 4500
001 31336
003 BD-DhAAL
005 20250623110442.0
008 171130t2012 bg a|||| ||||u00| 0 ben d
040 |a BD-DhAAL  |d BD-DhAAL 
041 |a ben 
082 |a 362.73095492 
245 |a জাতীয় পানি সরবরাহ ও স্যানিটেশন ব্যয়-বণ্টন কৌশলপত্র :  |b প্রথম খন্ড, মূল কোশলপত্র /  |c স্থানীয় সরকার বিভাগ, গণপ্রজাতন্তী বাংলাদেশ সরকার, স্থানীয় সরকার, পল্লী উন্নয়ন ও সমবায় মন্ত্রণালয়. 
260 |a ঢাকা :  |b পলিসি সাপোট্ ইউনিট (পিএসইউ),  |c ২০১২. 
300 |a ৪৭ পৃষ্ঠা ;  |b চিত্র :  |c ২৮ সে.মি. 
526 |a AAL 
541 |a Complementary Copy  |e 31336 
650 |a Water  |x Supply  |x Sanitation.  |9 24132 
710 |a স্থানীয় সরকার বিভাগ  |b গণপ্রজাতন্তী বাংলাদেশ সরকার,  |b স্থানীয় সরকার, পল্লী উন্নয়ন ও সমবায় মন্ত্রণালয়.  |9 24135 
852 |a Ayesha Abed Library  |c General Stacks 
942 |2 ddc  |c BK 
999 |c 38692  |d 38692 
952 |0 0  |1 4  |2 ddc  |4 0  |6 362_730954920000000_NAT  |7 0  |9 62087  |a BRACUL  |b BRACUL  |c GEN  |d 2017-11-30  |l 0  |o 362.73095492 NAT  |p 3010031336  |r 2017-11-30  |t 1  |w 2017-11-30  |y BK  |x Koha Inventory 2020